1128 1237 1210 1082 1189 1667 1090 1945 1556 1434 1238 1483 1423 1091 1881 1542 1996 1169 1067 1167 1385 1164 1903 1598 1258 1788 1766 1483 1530 1237 1668 1419 1557 1870 1841 1883 1871 1702 1155 1232 1330 1911 1290 1285 1968 1231 1301 1298 1239 1483 1204 1306 1412 1849 1306 1982 1101 1733 1284 1212 1541 1887 1094 1700 1354 1414 1548 1634 1727 1527 1565 1670 1399 1058 1422 1936 1715 1805 1008 1143 1688 1921 1276 1195 1038 1036 1231 1270 1110 1314 1600 1495 1073 1124 1805 1444 1824 1728 1920 BCNSPRNW ULIB Ver.6.0+V

เปลี่ยนเป็นภาษาไทย

Change to English
 แสดงรายละเอียดบรรณานุกรม
  กลับหน้าหลัก

Brief Record : Get Marc (ISO 2709) : E-mail record : QR code < ปิดหน้าต่าง
LEADER : 00000nam 2200000uu 4500
001    13399124249
003     ULIB
008    150215s2557||||th 000 0 tha d
020    ^a9786162711831
060 04 ^aWQ15^bฐ341ค
100 0  ^aฐิติพร อิงคถาวรวงศ์
245 00 ^aคำศัพท์สูติศาสตร์ /^cฐิติพร อิงคถาวรวงศ์
260    ^aสงขลา :^bภาควิชาการพยาบาลสูติศาสตร์ มหาวิทยาลัยสงขลาสงขลานครินทร์,^c2557
300    ^a127 หน้า ;^c19 ซม.
650  4 ^aสูติศาสตร์^xคำศัพท์
650  4 ^aคำศัพท์
710 2  ^aมหาวิทยาลัยสงขลานครินทร์, bภาควิชาการพยาบาลสูติศาสตร์
945    ^p100^l0^i034885
945    ^p100^l0^i039108
945    ^p100^l0^i039109
945    ^p100^l0^i039110
945    ^p100^l0^i039302
945    ^p100^l0^i039301
945    ^p100^l0^i039300
945    ^p100^l0^i039303
999    ^aทศพร
รายการนี้ยังไม่มีแท็ก
คุณยังไม่ได้ล็อกอิน คุณสามารถมีกิจกรรมร่วมกับเว็บไซต์ได้ แต่ต้องล็อกอินก่อน ::
  ล็อกอิน

รายการสื่อสารสนเทศ

ลำดับที่ ประเภท เลขเรียก/บาร์โค้ด สถานที่ สถานะ
1. วิทยาศาสตร์การแพทย์ และสุขภาพ
วิทยาศาสตร์การแพทย์ และสุขภาพ
สถานะ=หนังสือเก่า
WQ15 ฐ341ค ฉ.1 
  Barcode: 039108
ห้องสมุดวิทยาเขตสวรรค์ประชารักษ์
►ส่วนจัดเก็บหนังสือเก่า สปร
บนชั้น
  ขอยืม
2. วิทยาศาสตร์การแพทย์ และสุขภาพ
วิทยาศาสตร์การแพทย์ และสุขภาพ
WQ15 ฐ341ค ฉ.2 
  Barcode: 039109
ห้องสมุดวิทยาเขตสวรรค์ประชารักษ์
►หนังสือทั่วไป
บนชั้น
3. วิทยาศาสตร์การแพทย์ และสุขภาพ
วิทยาศาสตร์การแพทย์ และสุขภาพ
สถานะ=หนังสือเก่า
WQ15 ฐ341ค ฉ.3 
  Barcode: 039110
ห้องสมุดวิทยาเขตสวรรค์ประชารักษ์
►ส่วนจัดเก็บหนังสือเก่า สปร
บนชั้น
  ขอยืม
4. วิทยาศาสตร์การแพทย์ และสุขภาพ
วิทยาศาสตร์การแพทย์ และสุขภาพ
สถานะ=หนังสือเก่า
WQ15 ฐ341ค ฉ.4 
  Barcode: 039300
ห้องสมุดวิทยาเขตสวรรค์ประชารักษ์
►ส่วนจัดเก็บหนังสือเก่า สปร
บนชั้น
  ขอยืม
5. วิทยาศาสตร์การแพทย์ และสุขภาพ
วิทยาศาสตร์การแพทย์ และสุขภาพ
สถานะ=หนังสือเก่า
WQ15 ฐ341ค ฉ.5 
  Barcode: 039301
ห้องสมุดวิทยาเขตสวรรค์ประชารักษ์
►ส่วนจัดเก็บหนังสือเก่า สปร
บนชั้น
  ขอยืม
6. วิทยาศาสตร์การแพทย์ และสุขภาพ
วิทยาศาสตร์การแพทย์ และสุขภาพ
สถานะ=หนังสือเก่า
WQ15 ฐ341ค ฉ.6 
  Barcode: 039302
ห้องสมุดวิทยาเขตสวรรค์ประชารักษ์
►ส่วนจัดเก็บหนังสือเก่า สปร
บนชั้น
  ขอยืม
7. วิทยาศาสตร์การแพทย์ และสุขภาพ
วิทยาศาสตร์การแพทย์ และสุขภาพ
สถานะ=หนังสือเก่า
WQ15 ฐ341ค ฉ.7 
  Barcode: 039303
ห้องสมุดวิทยาเขตสวรรค์ประชารักษ์
►ส่วนจัดเก็บหนังสือเก่า สปร
บนชั้น
  ขอยืม
8. วิทยาศาสตร์การแพทย์ และสุขภาพ
วิทยาศาสตร์การแพทย์ และสุขภาพ
สถานะ=หนังสือเก่า
WQ15 ฐ341ค ฉ.8 
  Barcode: 034885
ห้องสมุดวิทยาเขตสวรรค์ประชารักษ์
►ส่วนจัดเก็บหนังสือเก่า สปร
บนชั้น
  ขอยืม

รายการใกล้เคียง
    ผู้แต่ง [ฐิติพร อิงคถาวรวงศ์]

    หัวเรื่อง [คำศัพท์]

BibComment


ยังไม่เคยถูกคอมเมนท์

คอมเมนท์ทรัพยากรรายการนี้
  คอมเมนท์: คำศัพท์สูติศาสตร..


 Copyright 2026. Bcnsprnw @Library